A bölcsésznek a könyvtár a laboratóriuma a 92 éves Dr. Róna-Tas András professzoré az akadémiai Pro Scientia díj /
Elmentve itt :
| Szerző: | |
|---|---|
| További közreműködők: | |
| Dokumentumtípus: | Cikk |
| Megjelent: |
2024-03-05
|
| Sorozat: | SZTE Info
|
| Kulcsszavak: | Magyar Tudományos Akadémia Szegedi Területi Bizottsága - MTA SZAB, Kitüntetés - életműdíj - Pro Scientia, Róna-Tas András - professor emeritus - akadémikus, Altajisztikai Tanszék, Magyar Nyelvi és Irodalmi Intézet, Bölcsészet- és Társadalomtudományi Kar - BTK, Keleti Gyűjtemény, Klebelsberg Kuno Könyvtár, Németh Gyula-hagyaték, Ligeti Lajos-hagyaték, Sinor Dénes-hagyaték, Könyvadomány, Altay Mehmet Gökbilgin - török üzletember, Tayyib M. Gökbilgin - történettudós, Nemzetközi kapcsolatok - Törökország, Turkológia, Előadás - Tamás Gábor - egyetemi tanár - akadémikus - kutatócsoport-vezető, MTA-SZTE Agykérgi Neuronhálózatok Kutatócsoport, Élettani, Szervezettani és Idegtudományi Tanszék, Biológiai Intézet, Természettudományi és Informatikai Kar - TTIK, Köszöntő beszéd - Krisztin Tibor - akadémikus - Szegedi Akadémiai Bizottság elnöke, Hudecz Ferenc - MTA alelnöke |
| Online Access: | http://univ.bibl.u-szeged.hu/69418 |
| LEADER | 01843nab a2200181 i 4500 | ||
|---|---|---|---|
| 001 | univ69418 | ||
| 005 | 20240306091804.0 | ||
| 008 | 240306s2024 hu o 0|| hun d | ||
| 040 | |a SZTE UnivHistória Repozitórium |b hun | ||
| 041 | |a hun | ||
| 100 | 1 | |a Panek Sándor | |
| 245 | 1 | 2 | |a A bölcsésznek a könyvtár a laboratóriuma |h [elektronikus dokumentum] : |b a 92 éves Dr. Róna-Tas András professzoré az akadémiai Pro Scientia díj / |c Panek Sándor |
| 260 | |c 2024-03-05 | ||
| 490 | 0 | |a SZTE Info | |
| 561 | |a Egyetemi hirarchívum | ||
| 695 | |a Magyar Tudományos Akadémia Szegedi Területi Bizottsága - MTA SZAB, Kitüntetés - életműdíj - Pro Scientia, Róna-Tas András - professor emeritus - akadémikus, Altajisztikai Tanszék, Magyar Nyelvi és Irodalmi Intézet, Bölcsészet- és Társadalomtudományi Kar - BTK, Keleti Gyűjtemény, Klebelsberg Kuno Könyvtár, Németh Gyula-hagyaték, Ligeti Lajos-hagyaték, Sinor Dénes-hagyaték, Könyvadomány, Altay Mehmet Gökbilgin - török üzletember, Tayyib M. Gökbilgin - történettudós, Nemzetközi kapcsolatok - Törökország, Turkológia, Előadás - Tamás Gábor - egyetemi tanár - akadémikus - kutatócsoport-vezető, MTA-SZTE Agykérgi Neuronhálózatok Kutatócsoport, Élettani, Szervezettani és Idegtudományi Tanszék, Biológiai Intézet, Természettudományi és Informatikai Kar - TTIK, Köszöntő beszéd - Krisztin Tibor - akadémikus - Szegedi Akadémiai Bizottság elnöke, Hudecz Ferenc - MTA alelnöke | ||
| 700 | 0 | 2 | |a Sahin-Tóth István |
| 856 | 4 | 0 | |u http://univ.bibl.u-szeged.hu/69418/1/Szegedi%20Tudom%C3%A1nyegyetem%20_%20A%20b%C3%B6lcs%C3%A9sznek%20a%20k%C3%B6nyvt%C3%A1r%20a%20laborat%C3%B3riuma%20%E2%80%93%20A%2092%20%C3%A9ves%20Dr.%20R%C3%B3na-Tas%20Andr%C3%A1s%20professzor%C3%A9%20az%20akad%C3%A9miai%20Pro%20Scientia%20d%C3%ADj.pdf |z Dokumentum-elérés |